Polska A-Ż - Statystyki

Ogólne statystyki
  • Ten quiz został rozwiązany 994 razy
    430 od ostatniego zresetowania
  • Średni wynik to 17 z 32
Statystyki odpowiedzi
Litera Wskazówka Odpowiedź % Poprawnych
O Najmniejsze województwo Województwo {opolskie}
88%
F Imię wybitnego polskiego kompozytora romantycznego, uważanego za jednego z najwybitniejszych w swoim fachu Fryderyk
87%
U Państwo graniczące z Polską na wschodzie Ukraina
87%
L Najpopularniejsza polska linia lotnicza LOT
85%
M Pierwsza kobieta, która otrzymała Nagrodę Nobla Maria
84%
T Nazwisko obecnego premiera Polski Tusk
84%
Ś Największe polskie jezioro Śniardwy
83%
Q Powieść historyczna Henryka Sienkiewicza, wydana w 1896r. Obecnie jest lekturą szkolną Quo vadis
82%
Ł Kompleks pałacowo-parkowy w Warszawie, znany z Pałacu na Wyspie Łazienki Królewskie
75%
C 0,2% Polski leży w zlewisku morza... Czarnego
70%
P Książka Adama Mickiewicza, która została wydana w Paryżu w 1834r. Pan Tadeusz
67%
R Nazwisko wybitnej polskiej tenisistki Radwańska
67%
G Połmięsna potrawa wywodząca się z kuchni polskiej Gołąbki
60%
K Przydomek władcy, który zapoczątkował rozbicie dzielnicowe Krzywousty
59%
Ć Jedyne miasto w Polsce na tę literę Ćmielów
55%
V Łacińska nazwa dla Wisły Vistula
51%
W Złoże naturalne, które jest obecnie wydobywane głównie na Śląsku i w zachodniej Małopolsce Węgiel kamienny
47%
Ż Najludniejsze miasto zaczynające się na tę literę Żory
46%
X Jedno z imion Franciszka Dunikowskiego Xawery
45%
D Nazwisko szachowego zwycięzcy Pucharu Świata FIDE w 2021r. Duda
44%
S Polska marka autobusowa Solaris
43%
N Rzeka biegnąca przez większość granicy z Niemcami Nysa Łużycka
41%
J Miasto na tę literę, które kiedyś słynęło m.in z uzdrowiska Jastrzębie-Zdrój
40%
E Imię polskiego piłkarza, który strzelił 4 bramki na mundialu w 1938r. Ernest
38%
A Miasto z dwuczłonową nazwą, zamieszkujący około 20 tysięcy ludzi Aleksandrów Łódzki
35%
I Powiat, który leży na północ od drugiego i ostatniego powiatu na tę literę iławski
35%
Ą Nazwisko fikcyjnego lidera Polskiej Partii Ą, Ę w programie "Szymon Majewski Show" Ącki
32%
H Przydomek władcy, którego poprzednikiem był Bolesław II Szczodry Herman
28%
B Polski park narodowy, którego symbolem jest okrzyn jeleni Babiogórski Park Narodowy
25%
Ź Łódzki park położony w okolicach ulic Przędzalnianej, Fabrycznej, Targowej i Piłsudskiego o powierzchni w okolicach 17 ha Źródliska
4%
Ó Dawne, staropolskie słowo związane z zaburzeniami psychicznymi Óbłęd
1%
Z Szczyt leżący w Tatrach, którego wysokość wynosi 2172 m.n.p.m. Zadni Mnich
1%
Nie znaleziono quizów pasujących do podanych kryteriów
Rozkład punktacji
Procent ludzi z każdym wynikiem
Percentyl według liczby udzielonych odpowiedzi
Twoja historia wyników
Nie rozwiązałeś tego quizu od ostatniego zresetowania